00796nam a22002177a 450000500170000001000150001702000250003203500130005703700130007008200130008324501030009626000450019927000570024430000250030150000400032670000260036670000160039294200270040899900170043595201260045220151119155016.0 aENG-114233 a978186772591c695.00 aEN-97765 bDBAD/PUB a323.0954 aHuman rights in India :cedited by Pabitra Kumar Barman [and] Anil Rajakbproblems and prospects / aNew DelhibNew Academic Publishersc2013 a4760-61/23, Ansari Road DaryaganjbNew Delhie110002 aviii,126p.c22cm(Hb) aIncludes bibliographical references aBarman, Pabitra Kumar aRajak, Anil 2ddccENmHUMh323.0954 c97679d97679 001040718NFICaDBADbDBADd2015-10-07eDBAD/PUBg695.00l0o323.0954 HUMpEN-97765r2015-10-07 00:00:00t1v695.00yEN